000 01487nam0a2200337 4500
001 RU\NLR\bibl\497462
005 20250623200902.0
021 _aRU
_b2003-69369
_93425
035 _a(NLR Aleph) 000490082
090 _a1108005
_c1108005
100 _a20040304d2003 |||y0rusy50 ca
101 0 _arus
102 _aRU
105 _ay |||||||||
200 1 _aТруд и капитал: опыт Японии и Китая в формировании партнерства
_fТ.В. Зимина
205 _a[Препр.]
210 _aЕкатеринбург
_cИн-т экономики УрО РАН
_d2003
215 _a43 с.
_d21
225 1 _aНаучный доклад
_fРос. акад. наук. Ур. отд-ние, Ин-т экономики
320 _aБиблиогр.: с. 41-42 (31 назв.)
607 _aЯпония
_xНародное хозяйство
_xУправление
_xУчастие общественности
_92332855
_3RU\NLR\auth\661394908
607 _aКитайская Народная Республика
_xНародное хозяйство
_xУправление
_xУчастие общественности
_92332857
_3RU\NLR\auth\661394909
686 _aУ21(5Я)27
686 _aУ21(5Кит)27
700 1 _aЗимина
_bТ. В.
_gТатьяна Викторовна
_4070
801 0 _aRU
_bNLR
_c20040304
_gPSBO
801 1 _aRU
_bNLR
_c20040304
830 _aавт. по кн.
942 _cBOOK
980 _aNB